000 00427cam a2200169ua 4500
041 _aeng
_h
082 _a629.25
_bHIN/EL
100 _aHinde, D.W .
245 _aElectric and diesel electric locomotives /
_cD.W.Hinde.
_hTextual Documents
250 _a1 /
_b.
260 _a :
_bMacMillan and Company Limited ,
_c1948.
300 _a366 ; .
504 _a
700 1 _aHinde, M .
942 _cBK
999 _c2414
_d2414